| 000 | 00974nac a22002531u 4500 | ||
|---|---|---|---|
| 008 | 090122t xxu||||| |||| 00| 0 eng d | ||
| 010 | _a 95047554 | ||
| 020 | _a0070340412 | ||
| 082 | 0 | 0 |
_a620.3076 _bKEL |
| 100 |
_aKelly, S. Graham. _918370 |
||
| 245 | 1 | 0 |
_aSchaum’s outline of theory and problems of mechanical vibrations / _cS. Graham Kelly. |
| 246 | 3 | 0 | _aTheory and problems of mechanical vibrations |
| 246 | 3 | 0 | _aMechanical vibrations |
| 246 | 3 | 0 | _aSchaum's outlines mechanical vibrations |
| 260 |
_aNew York : _bMcGraw-Hill, _cc1996. |
||
| 300 |
_aix, 352 p. : _bill. ; _c28 cm. |
||
| 490 | 0 | _aSchaum's outline series. | |
| 504 | _aIncludes bibliographical references and index. | ||
| 650 | 0 |
_aVibration _xProblems, exercises, etc. _2BUEsh |
|
| 650 | 0 |
_aVibration _xOutlines, syllabi, etc. _2BUEsh |
|
| 651 | _2BUEsh | ||
| 856 | 4 | 2 |
_3Publisher description _uhttp://www.loc.gov/catdir/description/mh021/95047554.html |
| 942 |
_cNB _k620.3076KEL _2ddc |
||
| 999 |
_c7317 _d7317 |
||